[Event "Bangkok Rooky op"]
[Site "Bangkok"]
[Date "2023.10.23"]
[Round "6"]
[White "Gutsulyak, Nikolay"]
[Black "Haresh, Venkata Narayanaswa"]
[Result "1-0"]
[WhiteElo "1786"]
[BlackElo "1472"]
[PlyCount "57"]
[EventDate "2023.10.20"]
[EventType "swiss"]
[EventRounds "7"]
[EventCountry "THA"]
[SourceTitle "Mega2024 Update 01"]
[Source "Chessbase"]
[SourceDate "2023.11.12"]
[SourceVersion "1"]
[SourceVersionDate "2023.11.12"]
[SourceQuality "1"]

1. e4 c5 2. Nc3 d6 3. f4 g6 4. Nf3 Bg7 5. Bb5+ Bd7 6. Bc4 Nc6 7. 0-0 e6 8. d3 Nge7 9. f5 gxf5 10. Ng5 Ne5 11. Qh5 N5g6 12. Nxf7 Kxf7 13. exf5 Bd4+ 14. Kh1 Kg8 15. fxg6 hxg6 16. Qg4 d5 17. Bb5 Bc8 18. Bg5 Qc7 19. h3 e5 20. Qf3 Be6 21. Bxe7 Qxe7 22. Nxd5 Bxd5 23. Qxd5+ Kg7 24. c3 Be3 25. Rae1 Bd2 26. Rxe5 Qc7 27. Qe4 Qd8 28. Re7+ Kh6 29. Qh4# 1-0

[Event "Johor op-A 7th"]
[Site "Johor"]
[Date "2022.12.27"]
[Round "3"]
[White "Haresh, Venkata Narayanaswa"]
[Black "Cai, Youyang"]
[Result "0-1"]
[WhiteElo "1312"]
[BlackElo "2036"]
[PlyCount "58"]
[EventDate "2022.12.26"]
[EventType "swiss"]
[EventRounds "9"]
[EventCountry "MAS"]
[SourceTitle "CBM 212 Extra"]
[Source "ChessBase"]
[SourceDate "2023.03.31"]
[SourceVersion "1"]
[SourceVersionDate "2023.03.31"]
[SourceQuality "1"]

1. e4 c5 2. Nf3 Nc6 3. d4 cxd4 4. Nxd4 Nf6 5. Nc3 e6 6. Be3 Bb4 7. Nxc6 bxc6 8. e5 Nd5 9. Bd2 Qc7 10. Nxd5 Bxd2+ 11. Qxd2 cxd5 12. f4 Qb6 13. c3 Rb8 14. b3 0-0 15. Bd3 Ba6 16. Rf1 Bxd3 17. Qxd3 Qa5 18. Rf3 Rxb3 19. axb3 Qxa1+ 20. Qd1 Qb2 21. Rg3 Rc8 22. c4 dxc4 23. Qxd7 Qc1+ 24. Ke2 cxb3 25. Rxb3 Rc2+ 26. Kf3 Qf1+ 27. Ke4 Qxg2+ 28. Kd4 Qd2+ 29. Rd3 Qxf4# 0-1

[Event "Wch U10"]
[Site "Batumi"]
[Date "2022.09.20"]
[Round "5"]
[White "Haresh, Venkata Narayanaswa"]
[Black "Vincenti, Leonardo"]
[Result "1-0"]
[WhiteElo "1287"]
[BlackElo "1848"]
[PlyCount "39"]
[EventDate "2022.09.16"]
[EventType "swiss"]
[EventRounds "11"]
[EventCountry "GEO"]
[SourceTitle "EXT 2023"]
[Source "ChessBase"]
[SourceDate "2022.10.05"]
[SourceVersion "1"]
[SourceVersionDate "2022.10.05"]
[SourceQuality "1"]

1. e4 c5 2. Nf3 d6 3. d4 cxd4 4. Nxd4 Nf6 5. Nc3 a6 6. Be2 e5 7. Nb3 Be7 8. Be3 Be6 9. 0-0 0-0 10. f4 exf4 11. Bxf4 Nc6 12. Bf3 Ne5 13. Kh1 Nxf3 14. gxf3 Qd7 15. Rg1 Kh8 16. Be3 b5 17. Nd4 Qb7 18. a3 Rac8 19. Rg2 Nd7 20. f4 1-0

[Event "Eastern Asia-ch U10"]
[Site "Tornelo INT"]
[Date "2021.10.31"]
[Round "8"]
[White "Haresh, Venkata Narayanaswa"]
[Black "Anand, Aaditya"]
[Result "0-1"]
[WhiteElo "1131"]
[BlackElo "1020"]
[PlyCount "58"]
[EventDate "2021.10.29"]
[EventType "swiss"]
[EventRounds "9"]
[EventCountry "NET"]
[SourceTitle "EXT 2023"]
[Source "ChessBase"]
[SourceDate "2022.10.05"]
[SourceVersion "1"]
[SourceVersionDate "2022.10.05"]
[SourceQuality "1"]

1. e4 c5 2. Nf3 g6 3. d4 cxd4 4. Nxd4 Nc6 5. Nc3 Bg7 6. Be3 Nf6 7. f3 0-0 8. Qd2 d5 9. exd5 Nxd5 10. Nxd5 Qxd5 11. c3 Nxd4 12. Bxd4 Rd8 13. 0-0-0 Qxa2 14. g4 Be6 15. Qf4 Bb3 16. Rd3 Qa1+ 17. Kd2 Qd1+ 18. Ke3 Qe1+ 19. Be2 Qxh1 20. Rd1 Bxd1 21. Bxd1 Qxd1 22. Kf2 Bxd4+ 23. cxd4 Qxd4+ 24. Qxd4 Rxd4 25. Ke2 Rad8 26. Kf1 a5 27. Ke1 Rb4 28. Kf1 Rxb2 29. Kg1 Rd1# 0-1